[Event "Sunningdale e2e4 op U2050 05"]
[Site "Sunningdale"]
[Date "2013.05.24"]
[Round "1"]
[White "Woolcock, Craig"]
[Black "Subramaniam, Mani"]
[Result "1-0"]
[WhiteElo "1881"]
[BlackElo "1440"]
[PlyCount "89"]
[EventDate "2013.05.24"]
[EventType "swiss"]
[EventRounds "7"]
[EventCountry "ENG"]
[SourceTitle "EXT 2014"]
[Source "ChessBase"]
[SourceDate "2013.11.20"]
[SourceVersion "1"]
[SourceVersionDate "2013.11.20"]
[SourceQuality "1"]

1. e4 e6 2. d4 d5 3. e5 c5 4. c3 Nc6 5. Nf3 Qb6 6. a3 cxd4 7. cxd4 Bd7 8. b4 Be7 9. Be3 Rc8 10. Bd3 a6 11. 0-0 Na7 12. Re1 Bb5 13. Bc2 Qc7 14. Ra2 Bc4 15. Rb2 b5 16. Nbd2 Rb8 17. Qb1 h6 18. Nb3 Nc6 19. Nfd2 g5 20. Qd1 h5 21. f4 gxf4 22. Bxf4 Qd8 23. Nf3 a5 24. Nc5 axb4 25. axb4 Bxc5 26. dxc5 Nge7 27. Bg5 Kd7 28. Bf6 Qg8 29. Bxh8 Qxh8 30. Qd2 Rg8 31. Qf4 Qg7 32. Bb1 Nxb4 33. h4 Nd3 34. Bxd3 Bxd3 35. Ra1 Nc6 36. Ng5 Rf8 37. Rd1 Bc4 38. Rf2 Ke7 39. Qg3 Nd4 40. Qa3 Nc6 41. Qa6 Nd8 42. Qd6+ Ke8 43. Rf6 b4 44. c6 Ba6 45. Qd7# 1-0

[Event "High Wycombe e2e4 op 10"]
[Site "High Wycombe"]
[Date "2012.10.14"]
[Round "4"]
[White "Subramaniam, Mani"]
[Black "Osiyemi, Lara"]
[Result "0-1"]
[WhiteElo "1438"]
[BlackElo "1754"]
[PlyCount "118"]
[EventDate "2012.10.12"]
[EventType "swiss"]
[EventRounds "5"]
[EventCountry "ENG"]
[SourceTitle "EXT 2023"]
[Source "ChessBase"]
[SourceDate "2022.10.05"]
[SourceVersion "1"]
[SourceVersionDate "2022.10.05"]
[SourceQuality "1"]

1. d4 Nf6 2. c4 g6 3. Nc3 d5 4. e3 Bg7 5. Nf3 0-0 6. Bd3 dxc4 7. Bxc4 e6 8. 0-0 c5 9. Ne5 a6 10. a4 Qc7 11. Qe2 cxd4 12. exd4 Nc6 13. Nxc6 Qxc6 14. Be3 b6 15. Rfc1 Bb7 16. f3 Rfc8 17. Bd3 Qd6 18. Qf2 Rd8 19. Bc2 Qb4 20. Ne4 Nxe4 21. Bxe4 Bxe4 22. fxe4 Bxd4 23. Rc7 Bxe3 24. Qxe3 Qd4 25. Qxd4 Rxd4 26. Rf1 Rf8 27. a5 bxa5 28. Ra1 a4 29. e5 Rb4 30. Ra7 Rxb2 31. Rxa4 Rc8 32. h3 Rcc2 33. Rf4 Rxg2+ 34. Kf1 Rh2 35. Kg1 Rhc2 36. Rfxf7 Rb1+ 37. Rf1 Rxf1+ 38. Kxf1 Rc5 39. Rxa6 Rxe5 40. Ra4 Rf5+ 41. Kg2 Rf7 42. Ra8+ Kg7 43. Ra6 Re7 44. Kf3 Kf6 45. h4 h6 46. Ke4 Rb7 47. Kf4 Rb4+ 48. Kg3 Kf5 49. Ra5+ e5 50. Ra3 Rg4+ 51. Kh3 h5 52. Ra1 e4 53. Rf1+ Ke5 54. Ra1 e3 55. Re1 Ke4 56. Ra1 e2 57. Ra4+ Kf3 58. Ra3+ Kf2 59. Ra2 Kf1 0-1

[Event "Gatwick e2e4 Major-E"]
[Site "Crawley"]
[Date "2012.08.21"]
[Round "7"]
[White "Homer, Neil S"]
[Black "Subramaniam, Mani"]
[Result "1/2-1/2"]
[WhiteElo "1597"]
[BlackElo "1397"]
[PlyCount "112"]
[EventDate "2012.08.18"]
[EventType "tourn"]
[EventRounds "9"]
[EventCountry "ENG"]
[SourceTitle "EXT 2014"]
[Source "ChessBase"]
[SourceDate "2013.11.20"]
[SourceVersion "1"]
[SourceVersionDate "2013.11.20"]
[SourceQuality "1"]

1. Nf3 Nf6 2. c4 d6 3. d4 c5 4. d5 g6 5. Nc3 Bg7 6. e4 Bg4 7. Be2 Nbd7 8. h3 Bxf3 9. Bxf3 0-0 10. 0-0 Ne8 11. Bf4 Nc7 12. Qd2 a5 13. b3 Nb6 14. Bh6 a4 15. Bxg7 Kxg7 16. Qc2 a3 17. Rae1 f6 18. Bg4 Qe8 19. f4 h5 20. Be6 Nxe6 21. dxe6 f5 22. Nd5 Nxd5 23. exd5 b5 24. h4 bxc4 25. bxc4 Qa4 26. Qc3+ Kg8 27. Rb1 Rfb8 28. Rb3 Rxb3 29. Qxb3 Qb4 30. Qxb4 cxb4 31. Rb1 Rb8 32. Rb3 Kf8 33. Kf2 Ke8 34. Ke3 Kd8 35. Kd4 Kc7 36. c5 Rb5 37. c6 Kc8 38. Kc4 Rc5+ 39. Kxb4 Rxd5 40. Rc3 Rd2 41. Rg3 Rxa2 42. Rxg6 Re2 43. Kxa3 Kc7 44. Rg5 Kxc6 45. Rxf5 Rxe6 46. Rxh5 Re3+ 47. Kb2 Re2+ 48. Kc3 Rxg2 49. Rg5 Rf2 50. f5 Rf3+ 51. Kd4 Rf4+ 52. Ke3 Rxh4 53. Rg7 Rh3+ 54. Kf4 Rh4+ 55. Kf3 Rh3+ 56. Kf4 Rh4+ 1/2-1/2

[Event "Amersham e2e4 Major op"]
[Site "Amersham"]
[Date "2012.05.20"]
[Round "4"]
[White "Roads, Phil J"]
[Black "Subramaniam, Mani"]
[Result "0-1"]
[WhiteElo "1726"]
[BlackElo "1360"]
[PlyCount "76"]
[EventDate "2012.05.18"]
[EventType "swiss"]
[EventRounds "5"]
[EventCountry "ENG"]
[SourceTitle "EXT 2014"]
[Source "ChessBase"]
[SourceDate "2013.11.20"]
[SourceVersion "1"]
[SourceVersionDate "2013.11.20"]
[SourceQuality "1"]

1. e4 e5 2. Bc4 Nf6 3. d3 c6 4. Nf3 d5 5. Bb3 Nbd7 6. Nc3 d4 7. Ne2 h6 8. 0-0 Qc7 9. a3 b6 10. Ne1 c5 11. f4 Bd6 12. f5 b5 13. c4 bxc4 14. Bxc4 Nb6 15. Ng3 Nxc4 16. dxc4 a5 17. Bd2 a4 18. Nd3 Qc6 19. Re1 Rb8 20. Rb1 Rb3 21. Nc1 Rxg3 22. hxg3 Nxe4 23. Rxe4 Qxe4 24. Qxa4+ Bd7 25. Qd1 Qxb1 26. Qg4 Kf8 27. Kh2 Bxf5 28. Qf3 Qe4 29. Qb3 Qc6 30. Ne2 Be4 31. Qd1 Bxg2 32. Qg1 Bf3 33. Qf2 h5 34. Bg5 h4 35. gxh4 e4+ 36. Bf4 Bxf4+ 37. Nxf4 Qh6 38. Qg3 Qxh4+ 0-1

[Event "High Wycombe e2e4 Intermediate op 03"]
[Site "High Wycombe"]
[Date "2012.03.18"]
[Round "4"]
[White "Subramaniam, Mani"]
[Black "Plumb, Mick"]
[Result "1-0"]
[WhiteElo "1339"]
[BlackElo "1598"]
[PlyCount "147"]
[EventDate "2012.03.16"]
[EventType "swiss"]
[EventRounds "5"]
[EventCountry "ENG"]
[SourceTitle "EXT 2014"]
[Source "ChessBase"]
[SourceDate "2013.11.20"]
[SourceVersion "1"]
[SourceVersionDate "2013.11.20"]
[SourceQuality "1"]

1. d4 d5 2. e3 Nf6 3. c4 c6 4. Nc3 e6 5. Nf3 Nbd7 6. Bd3 Be7 7. 0-0 0-0 8. Re1 b6 9. cxd5 cxd5 10. Bd2 Bb7 11. Re2 Rc8 12. Be1 Ne4 13. Rc2 f5 14. Rac1 Ndf6 15. Nd2 Nxc3 16. Rxc3 Rxc3 17. Rxc3 Bb4 18. Rc2 Qd6 19. Nf3 Bxe1 20. Qxe1 Nd7 21. Bb5 Nf6 22. Qc1 Qb4 23. Bd3 a5 24. Ne5 f4 25. Rc7 Ba8 26. a3 Qd6 27. Rc8 fxe3 28. fxe3 Bb7 29. Rxf8+ Kxf8 30. Qf1 Kg8 31. Bb5 Qc7 32. Qd1 Ne4 33. Bd7 Bc8 34. Be8 Nf6 35. Bb5 Ne4 36. Bc6 Ba6 37. Qh5 Qe7 38. Qe8+ Qxe8 39. Bxe8 Bc8 40. Bb5 Kf8 41. Kf1 Nd6 42. Bd3 g6 43. g4 Nf7 44. Nxf7 Kxf7 45. g5 Ke7 46. h4 Kd6 47. h5 e5 48. hxg6 hxg6 49. Bxg6 e4 50. Bf7 Be6 51. Bh5 Bg8 52. a4 Ke6 53. Bg4+ Kf7 54. Bf5 Kg7 55. Kg2 Bf7 56. Kg3 Bh5 57. Kf4 Be8 58. Be6 Bc6 59. Ke5 Kg6 60. Bxd5 Bxa4 61. Bxe4+ Kxg5 62. d5 Bd7 63. Kd4 Kf6 64. Bd3 b5 65. e4 b4 66. e5+ Ke7 67. Kc5 b3 68. Bc4 a4 69. Kb4 Kd8 70. e6 Be8 71. d6 Bc6 72. Kc5 Be4 73. Bb5 a3 74. e7+ 1-0

[Event "High Wycombe e2e4 Intermediate op 03"]
[Site "High Wycombe"]
[Date "2012.03.16"]
[Round "1"]
[White "Nicosia, Vincenzo"]
[Black "Subramaniam, Mani"]
[Result "1-0"]
[WhiteElo "1702"]
[BlackElo "1339"]
[PlyCount "129"]
[EventDate "2012.03.16"]
[EventType "swiss"]
[EventRounds "5"]
[EventCountry "ENG"]
[SourceTitle "EXT 2014"]
[Source "ChessBase"]
[SourceDate "2013.11.20"]
[SourceVersion "1"]
[SourceVersionDate "2013.11.20"]
[SourceQuality "1"]

1. Nf3 Nf6 2. g3 d5 3. Bg2 e6 4. 0-0 Be7 5. d3 0-0 6. Nbd2 Nbd7 7. Re1 e5 8. e4 d4 9. Nc4 Bd6 10. Nh4 b5 11. Nxd6 cxd6 12. Bd2 Nc5 13. Rf1 Bb7 14. f4 h6 15. g4 Nfxe4 16. Be1 Nf6 17. Bxb7 Nxb7 18. g5 Nd5 19. Qf3 Nxf4 20. gxh6 Qg5+ 21. Kh1 d5 22. Rg1 Qxh6 23. Nf5 Qh5 24. Rxg7+ Kh8 25. Qxh5+ Nxh5 26. Rg5 Nf4 27. Bd2 Rg8 28. Rag1 f6 29. Rxg8+ Rxg8 30. Rxg8+ Kxg8 31. Bxf4 exf4 32. Ne7+ Kf7 33. Nxd5 Nd6 34. Nxf4 Nf5 35. Ne2 b4 36. c4 a5 37. Kg1 Ke6 38. Kf2 Ke5 39. Ng3 Ne3 40. Kf3 Nd1 41. b3 Nc3 42. h4 f5 43. h5 Kf6 44. h6 Nxa2 45. c5 a4 46. c6 axb3 47. c7 b2 48. c8Q b1Q 49. Qh8+ Kf7 50. Qg7+ Ke6 51. Qg6+ Kd5 52. Qxf5+ Kc6 53. Qe6+ Kb5 54. Qc4+ Ka4 55. Qa6+ Kb3 56. Qc4+ Ka4 57. Kf2 Qb2+ 58. Kf3 Nc3 59. Qa6+ Kb3 60. Qe6+ Ka4 61. h7 Nd1 62. Qe2 Qxe2+ 63. Kxe2 Nc3+ 64. Kd2 Kb3 65. h8Q 1-0

[Event "Brighton e2e4 Major-C"]
[Site "Brighton"]
[Date "2012.02.18"]
[Round "6"]
[White "Sisoev, Robert"]
[Black "Subramaniam, Mani"]
[Result "1/2-1/2"]
[WhiteElo "1672"]
[BlackElo "1303"]
[PlyCount "120"]
[EventDate "2012.02.15"]
[EventType "tourn"]
[EventRounds "9"]
[EventCountry "ENG"]
[SourceTitle "EXT 2014"]
[Source "ChessBase"]
[SourceDate "2013.11.20"]
[SourceVersion "1"]
[SourceVersionDate "2013.11.20"]
[SourceQuality "1"]

1. e4 d6 2. d4 Nf6 3. Nc3 g6 4. f4 Bg7 5. Nf3 0-0 6. Bd3 Na6 7. 0-0 Bg4 8. Be3 c6 9. a3 Nc7 10. h3 Bxf3 11. Qxf3 a5 12. g4 d5 13. e5 Nd7 14. f5 b5 15. g5 Qe8 16. h4 f6 17. e6 Nb6 18. Qg3 Nc4 19. Bxc4 bxc4 20. Qxc7 fxg5 21. hxg5 gxf5 22. Qf4 Qg6 23. Rf2 Rf6 24. Re1 Rxe6 25. Ree2 Rf6 26. Na4 Re8 27. Nc5 Rf7 28. Qc7 e5 29. Qxa5 f4 30. Bc1 e4 31. Nxe4 dxe4 32. Rxf4 Rxf4 33. Bxf4 Bxd4+ 34. Be3 Bxe3+ 35. Rxe3 Rf8 36. Qc5 Qe6 37. Rg3 Rf5 38. Qd4 Re5 39. Qd8+ Kg7 40. Qf6+ Qxf6 41. gxf6+ Kxf6 42. Kf2 Rf5+ 43. Ke3 Ke5 44. b3 Rf3+ 45. Rxf3 exf3 46. Kxf3 c3 47. a4 Kd6 48. Kg4 c5 49. Kg5 Kc6 50. Kh6 Kb6 51. Kxh7 Ka5 52. Kg6 c4 53. bxc4 Kxa4 54. c5 Kb5 55. Kf5 Kxc5 56. Ke5 Kc4 57. Ke4 Kc5 58. Ke3 Kc4 59. Ke4 Kc5 60. Ke5 Kc4 1/2-1/2

[Event "Brighton e2e4 Major-C"]
[Site "Brighton"]
[Date "2012.02.15"]
[Round "1"]
[White "Mason, Ian C"]
[Black "Subramaniam, Mani"]
[Result "1/2-1/2"]
[WhiteElo "1858"]
[BlackElo "1303"]
[PlyCount "60"]
[EventDate "2012.02.15"]
[EventType "tourn"]
[EventRounds "9"]
[EventCountry "ENG"]
[SourceTitle "EXT 2014"]
[Source "ChessBase"]
[SourceDate "2013.11.20"]
[SourceVersion "1"]
[SourceVersionDate "2013.11.20"]
[SourceQuality "1"]

1. d4 Nf6 2. c4 g6 3. Nc3 Bg7 4. e4 d6 5. f3 0-0 6. Be3 e5 7. Nge2 Nc6 8. d5 Ne7 9. Qd2 Nd7 10. g4 Kh8 11. Ng3 f5 12. gxf5 gxf5 13. Bh6 Bxh6 14. Qxh6 Rf6 15. Qd2 a6 16. 0-0-0 Qe8 17. Bh3 Qf7 18. Rdf1 f4 19. Be6 Qe8 20. Nf5 Nc5 21. Bxc8 Rxc8 22. Nxe7 Qxe7 23. Rhg1 Qf7 24. b4 Nd7 25. Rg2 Rg6 26. Rfg1 Rcg8 27. Rxg6 Rxg6 28. Qf2 b6 29. Kd2 Qg7 30. Rxg6 Qxg6 1/2-1/2